Movies Quiz

Random Movies or Disney Quiz

'Beauty and the Beast' Typing Challenge Quiz Stats

Quiz Updated Aug 2, 2016

Challenge
Share
Tweet
Embed
Score 0/42 Timer 01:00
100 Plays Today
Word(s) or name Type it here! % Correct
????
100%
????
99%
????
98.4%
????
97.9%
????
97.5%
????
97.1%
????
96.7%
????
96.5%
????
96.2%
????
95.9%
????
95.7%
????
95.4%
????
95.1%
????
94.7%
????
94.3%
????
93.7%
????
93%
????
92.2%
????
91.2%
????
90.1%
????
88.5%
Word(s) or name Type it here! % Correct
????
86.4%
????
82.9%
????
80.3%
????
77.7%
????
74.6%
????
70.2%
????
61.9%
????
56.8%
????
50.9%
????
45.7%
????
39.4%
????
33%
????
26.8%
????
22.2%
????
18.1%
????
13.9%
????
10.7%
????
7.8%
????
5.4%
????
2.9%
????
1.1%

You're not logged in!

Compare scores with friends on all Sporcle quizzes.
Sign Up with Email
OR
Log In

You Might Also Like...

Show Comments

Extras

Top Quizzes Today


Score Distribution

Your Account Isn't Verified!

In order to create a playlist on Sporcle, you need to verify the email address you used during registration. Go to your Sporcle Settings to finish the process.